00330nam a2200121Ia 4500008004100000100002600041245005900067260002500126300000900151650002300160942000800183999001700191190216s9999||||xx |||||||||||||| ||und|| aSaxena M&Amp; Jain Dk 0aPreliminary Civil Services Examination General Studies bYoung Man & Coc1985 a354p aCivil Service Exam cREF c35531d35531